000 00596nam a2200241Ia 4500
003 OSt
005 20220924133006.0
006 a|||||r|||| 00| 0
007 ta
008 220923b |||||||| |||| 00| 0 urd d
020 _c125.00
024 _a255187
037 _cTextual
040 _aARTS
_cARTS
_burd
041 _2urd
_aurd
082 _aO168,3NAHx, P9
100 _aRizwan Ahmad
_9205480
245 0 _aToofan ki zad per
260 _c2009
650 _aURDU FICTION
_93298
942 _hO168,3NAHx, P9
_cTEXL
_2CC
999 _c432302
_d432302